Stolice niektórych państw świata - Statystyki

Ogólne statystyki
  • Ten quiz został rozwiązany 39 razy
  • Średni wynik to 12 z 15
Statystyki odpowiedzi
Hint Odpowiedź % Poprawnych
Kanada Ottawa
100%
Kolumbia Bogota
91%
Czechy Praga
91%
Kosowo Prisztina
91%
Bośnia i
Hercegowina
Sarajewo
91%
Nepal Katmandu
84%
Etiopia Addis Abeba
81%
Ekwador Quito
81%
Chile Santiago
81%
Filipiny Manilla
78%
Dominikana Santo Domingo
78%
Sierra Leone Freetown
72%
Belize Belmopan
63%
Fidżi Suva
59%
Tuvalu Funafuti
47%
Nie znaleziono quizów pasujących do podanych kryteriów
Rozkład punktacji
Procent ludzi z każdym wynikiem
Percentyl według liczby udzielonych odpowiedzi
Twoja historia wyników
Nie rozwiązałeś tego quizu